000 01516nam a22002657a 4500
008 170705s2016 ag||||| |||| 00| 0 spa d
082 0 4 _a707
_bM921s
100 1 _aMotta, Carlos.
_95849
245 1 0 _aSymposium la internacional cuir :
_bla indecencia y el futuro de la teología /
_cCarlos Motta ; Museo de Arte Latinoamericano de Buenos Aires (MALBA).
246 0 3 _aRequiem .
250 _a1a edición.
260 _aBuenos Aires, Argentina :
_bMALBA,
_c2016.
300 _a26 páginas :
_bilustraciones.
500 _aSimposio contó con la participación de los teólogos Linn Tonstad, Hugo Córdoba-Quero, los artistas Ron Athey, Cecilia Campuzano y el académico Javier Saénz, realizado el 15 y 19 de octubre, y 4 de noviembre, en el Museo de Arte Latinoamericano de Buenos Aires (MALBA).
500 _aRequiem es una coproducción y Associazione Culturale Dello Scompiglio, en colaboración de la teóloga Linn Tonstad, los performances Stefano Laforgia y Andrea Ropes, el cantate Ernesto Tomasini por la comisión de Angel Moya García y Eugenio Viola; curaduría por Agustín Pérez-Rubio.
500 _aRequiem es una coproducción y Associazione Culturale Dello Scompiglio, en colaboración de la teóloga
653 1 0 _aArte contemporáneo
653 1 0 _aArte - Simposios
653 1 0 _aTeología
653 1 0 _aArte - Investigación
653 1 0 _aPerformance
653 1 0 _aDiferencias sexuales
653 1 0 _aGénero
710 1 _a Museo de Arte Latinoamericano de Buenos Aires (MALBA).
_95850
999 _c1218
_d1218